Skoczkowie na podium MŚJ 2008-2021 - Statystyki

Ogólne statystyki
  • Ten quiz został rozwiązany 164 razy
  • Średni wynik to 16 z 42
Statystyki odpowiedzi
Miejsce i rok Zawodnik % Poprawnych
Predazzo 2014 Jakub Wolny
86%
Rasnov 2016 Domen Prevc
78%
Hinterzarten 2010 Peter Prevc
78%
Liberec 2013 Klemens Murańka
71%
Otepaa 2011 Stefan Kraft
69%
Liberec 2013 Stefan Kraft
69%
Erzurum 2012 Aleksander Zniszczoł
67%
Almaty 2015 Johann Andre Forfang
61%
Rasnov 2016 Ryoyu Kobayashi
60%
Otepaa 2011 Vladimir Zografski
60%
Strbske Pleso 2009 Maciej Kot
56%
Park City 2017 Viktor Polasek
56%
Kandersteg 2018 Marius Lindvik
50%
Almaty 2015 Andreas Wellinger
49%
Park City 2017 Constantin Schmid
47%
Kandersteg 2018 Constantin Schmid
47%
Park City 2017 Alex Insam
46%
Lahti 2019 Sergey Tkachenko
43%
Zakopane 2008 Andreas Wank
41%
Hinterzarten 2010 Michael Hayboeck
40%
Predazzo 2014 Evgenii Klimov
38%
Lahti 2021 Dominik Peter
36%
Erzurum 2012 Jaka Hvala
36%
Liberec 2013 Jaka Hvala
36%
Lahti 2019 Thomas Aasen Markeng
29%
Rasnov 2016 David Siegel
25%
Strbske Pleso 2009 Ville Larinto
22%
Otepaa 2011 Kaarel Nurmsalu
21%
Lahti 2021 Niklas Bachlinger
21%
Lahti 2021 David Haagen
19%
Strbske Pleso 2009 Lukas Mueller
19%
Erzurum 2012 Nejc Dezman
19%
Oberwiesenthal 2020 Peter Resinger
17%
Lahti 2019 Luca Roth
15%
Kandersteg 2018 Clemens Leitner
13%
Almaty 2015 Phillip Sjoeen
12%
Oberwiesenthal 2020 Sander Vossan Eriksen
12%
Zakopane 2008 Shohei Tochimoto
9%
Oberwiesenthal 2020 Mark Hafnar
6%
Predazzo 2014 Patrick Streitler
6%
Hinterzarten 2010 Diego Dellasega
4%
Zakopane 2008 Andreas Strolz
3%
Nie znaleziono quizów pasujących do podanych kryteriów
Rozkład punktacji
Procent ludzi z każdym wynikiem
Percentyl według liczby udzielonych odpowiedzi
Twoja historia wyników
Nie rozwiązałeś tego quizu